000 00529cam a2200193 4500
001 D6192
008 090401t1980 xxu||||| |||| 00| 0 eng d
035 _a(Sirsi) u89830
041 _aeng
050 _a692.9
110 _aJoint Contracts Tribunal
_93664
245 _aStandard form of nominated sub-contract tender and agreement, 1980 edition (NSC/1)
260 _aLondon
_bRIBA
_c1980
300 _a12p. 30cm
350 _a7.15
520 _aFiled in box JCT 1980/8A (Archives only)
942 _n0
948 _c04/03/1997
999 _c97507
_d97507